| 000 | 00835cam a2200265 4500 | ||
|---|---|---|---|
| 001 | 10181 | ||
| 003 | BD-RjUL | ||
| 005 | 20211208234916.0 | ||
| 008 | 140123t1968 ne b 001 0 eng d | ||
| 035 | _a(BD-RjUL)10229 | ||
| 040 |
_aBD-RjUL _beng _cBD-RjUL _dBD-RjUL |
||
| 041 | _aeng | ||
| 082 | 0 | 4 |
_216 _a546.3 _bCAR 1968 |
| 100 | 1 |
_aCandlin, J. P. _931444 |
|
| 245 | 1 | 0 |
_aReactions of transition-metal complexes / _cJ. P. Candlin, K. A. Taylor, D. T. Thompson. |
| 260 |
_aAmsterdam ; _aNew York : _bElsevier, _cc1968. |
||
| 300 |
_axvi, 483 p. : _bill. ; _c23 cm. |
||
| 504 | _aIncludes bibliographies and indexes. | ||
| 650 | 0 |
_aTransition metal complexes _931445 |
|
| 700 | 1 |
_aTaylor, K. A. _q(Keith A.) _931446 |
|
| 700 | 1 |
_aThompson, David Thomas. _931447 |
|
| 942 |
_2ddc _cBK |
||
| 999 |
_c10181 _d10181 |
||